| 000 | 00444nam a2200145Ia 4500 | ||
|---|---|---|---|
| 008 | 230917s9999||||xx |||||||||||||| ||und|| | ||
| 040 |
_e162529 _aMAIN |
||
| 041 | _aEnglish | ||
| 082 | _a891.433721 DD536M | ||
| 100 | _aधवन, देवी प्रसाद | ||
| 245 | 0 | _aमै पाषण हूँ | |
| 260 |
_aनई दिल्ली _bत्रिवेणी प्रकाशन _c1980 |
||
| 300 | _a203पृ p. | ||
| 942 | _cHN | ||
| 999 |
_c37216 _d37216 |
||